000 00460nam a2200181Ia 4500
008 100917s9999 xx 000 0 und d
082 _b39454
100 _aभावे पु. भा.
245 _aथंडी
260 _bमेनका प्रकाशन
_c1980
300 _a108
365 _b10
520 _aकादंबरी
630 _aथंडी
650 _aकादंबरी
730 _aथंडी
942 _cBOOK
999 _c644848
_d644845